LIBRARY ONLINE CATALOGUE

Preaching in the New Testament : (Record no. 21740)

MARC details
000 -LEADER
fixed length control field 01373cam a2200301 i 4500
001 - CONTROL NUMBER
control field 19351078
005 - DATE AND TIME OF LATEST TRANSACTION
control field 20260701162726.0
008 - FIXED-LENGTH DATA ELEMENTS--GENERAL INFORMATION
fixed length control field 161025s2017 ilu b 001 0 eng
010 ## - LIBRARY OF CONGRESS CONTROL NUMBER
LC control number 2016046950
020 ## - INTERNATIONAL STANDARD BOOK NUMBER
International Standard Book Number 9780830826438
035 ## - SYSTEM CONTROL NUMBER
System control number 19351078
040 ## - CATALOGING SOURCE
Original cataloging agency DLC
Language of cataloging eng
Transcribing agency DLC
Description conventions rda
Modifying agency DLC
042 ## - AUTHENTICATION CODE
Authentication code pcc
050 00 - LIBRARY OF CONGRESS CALL NUMBER
Classification number BS2545.P68
Item number G75 2017
082 00 - DEWEY DECIMAL CLASSIFICATION NUMBER
Classification number 251.009/015
Edition number 23
100 1# - MAIN ENTRY--PERSONAL NAME
Personal name Griffiths, Jonathan
Titles and words associated with a name (Preaching instructor),
Relator term author.
245 10 - TITLE STATEMENT
Title Preaching in the New Testament :
Remainder of title an exegetical and biblical-theological study /
Statement of responsibility, etc. Jonathan I. Griffiths.
300 ## - PHYSICAL DESCRIPTION
Extent xvi, 152 pages ;
Dimensions 21 cm.
490 0# - SERIES STATEMENT
Series statement New studies in biblical theology ;
Volume/sequential designation 42
504 ## - BIBLIOGRAPHY, ETC. NOTE
Bibliography, etc Includes bibliographical references (pages 134-139) and index.
630 00 - SUBJECT ADDED ENTRY--UNIFORM TITLE
Uniform title Bible.
Name of part/section of a work New Testament
General subdivision Criticism, interpretation, etc.
650 #0 - SUBJECT ADDED ENTRY--TOPICAL TERM
Topical term or geographic name as entry element Preaching
General subdivision Biblical teaching.
776 08 - ADDITIONAL PHYSICAL FORM ENTRY
Relationship information Online version:
Main entry heading Griffiths, Jonathan (Preaching instructor), author.
Title Preaching in the New Testament
Place, publisher, and date of publication Downers Grove : InterVarsity Press, 2017
International Standard Book Number 9780830889723
Record control number (DLC) 2016051875
583 ## - ACTION NOTE
Action Cataloguing:
Time/date of action 20260701
Action agent mketermketer
906 ## - LOCAL DATA ELEMENT F, LDF (RLIN)
a 7
b cbc
c orignew
d 1
e ecip
f 20
g y-gencatlg
942 ## - ADDED ENTRY ELEMENTS (KOHA)
Source of classification or shelving scheme Library of Congress Classification
Koha item type General Collection
Holdings
Withdrawn status Lost status Source of classification or shelving scheme Not for loan Home library Current library Date acquired Source of acquisition Inventory number Total Checkouts Full call number Barcode Date last seen Copy number Price effective from Koha item type
    Library of Congress Classification   Kabarak, Main Campus Kabarak, Main Campus 01/07/2026 Donation 2026/4277   BS2545.P68 G75 2017 C.1 37818 01/07/2026 C.1 01/07/2026 General Collection